Catálogo
 En Linea

Mundo en ascuas : (Registro nro. 33360)

Detalles MARC
000 -CABECERA
campo de control de longitud fija 00450nam a2200145 a 4500
001 - NÚMERO DE CONTROL
campo de control 000033869
005 - FECHA Y HORA DE LA ÚLTIMA TRANSACCIÓN
campo de control 20200930070602.0
008 - DATOS DE LONGITUD FIJA--INFORMACIÓN GENERAL
campo de control de longitud fija 110914s1956 uy 000 0 spa d
040 ## - FUENTE DE LA CATALOGACIÓN
Centro catalogador/agencia de origen DO-SdBNP
Lengua de catalogación spa
Centro/agencia transcriptor BNPHU
082 ## - NÚMERO DE LA CLASIFICACIÓN DECIMAL DEWEY
Número de clasificación xxx
Número de documento/Ítem B191m
100 1# - ENTRADA PRINCIPAL--NOMBRE DE PERSONA
Nombre de persona Montiel Ballesteros, A.,
Fechas asociadas al nombre 1888-
9 (RLIN) 59298
245 10 - MENCIÓN DE TÍTULO
Título Mundo en ascuas :
Resto del título Novela /
Mención de responsabilidad, etc. A. Montiel Ballesteros.
260 ## - PUBLICACIÓN, DISTRIBUCIÓN, ETC.
Lugar de publicación, distribución, etc. Montevideo, Uruguay :
Nombre del editor, distribuidor, etc. Ediciones Clavileño,
Fecha de publicación, distribución, etc. [1956]?
300 ## - DESCRIPCIÓN FÍSICA
Extensión 214 p. ;
Dimensiones 19 cm.
Existencias
Estado de retiro Estado de pérdida Restricciones de uso No para préstamo Código de colección Localización permanente Ubicación/localización actual Ubicación en estantería Fecha de adquisición Número de inventario Total de préstamos Signatura topográfica completa Código de barras Fecha visto por última vez Precio válido a partir de Tipo de ítem Koha Nota pública
      Excluido de préstamo Raros y valiosos General General En catalogación 14.09.2011 LF1   xxx B191m 33869-10 25.06.2020 25.06.2020 No se presta Perteneció a la biblioteca personal de Federico Henríquez y Carvajal
        Monografías: Libros y Folletos General General Orden iniciada 14.09.2011 LF1   xxx B191m 33870-10 25.06.2020 25.06.2020 No se presta  

Con tecnología Koha